00750nam a2200193Ia 4500001002300000003000900023008004100032040002300073041001300096100004500109240002100154245011300175250001500288260002600303300002600329490001000355501012400365520006700489282.8-TOM aq su (2033)IT-MiSPE171229s9999||||xx |||||||||||||| ||und|| aIT-MiSPEcIT-MiSPE aITALIANO aTommaso d'Aquino (Thomas Aquinas)gsanto aSumma Theologiae 0aLa Somma teologicabXXXIII. I novissimi: b) Giudizio finale e destino eterno (Suppl., qq. 87-99 + Appendice) a1a ed. (v) aFirenzebSalanic1972 a388 p. [35 v.]c21 cm v 33° aEdizioni San Paolo srl - Piazza Soncino, 5 - 20092 CINISELLO BALSAMO (MI) (non commercial uses only) ® Copyright 2018 aDomenicani italiani, Testo lat. dell'Ed. Leonina. Ed. bilingue